Dünya'da ve Türkiye'de gençlik /

Saved in:
Bibliographic Details
Main Author: Gürses, Fulya, 1950-
Other Authors: Gürses, Hasan Basri, 1949-
Format: Book
Language:Turkish
Published: İstanbul : Der Yayınları, 1979.
Series:Der yayınları ; 8
Subjects:
Tags: Add Tag
No Tags, Be the first to tag this record!
LEADER 00722nam a2200241Ma 4500
001 004617543-1
005 20020606095253.2
008 870924s1979 tu b 000 0 tur d
035 0 |a ocm16739758 
040 |a ORZ  |c ORZ  |d HLS 
043 |a a-tu--- 
090 |a HQ799.T9  |b G8x 
100 1 |a Gürses, Fulya,  |d 1950- 
245 1 0 |a Dünya'da ve Türkiye'de gençlik /  |c Fulya Gürses, Hasan Basri Gürses. 
260 |a İstanbul :  |b Der Yayınları,  |c 1979. 
300 |a 667 p. ;  |c 20 cm. 
490 0 |a Der yayınları ;  |v 8 
504 |a Bibliography: p. 581-666. 
650 0 |a Youth  |z Turkey  |x Political activity. 
650 0 |a Youth  |x Political activity. 
700 1 |a Gürses, Hasan Basri,  |d 1949- 
988 |a 20020608 
906 |0 OCLC